| 000 | 00487nam a22001817a 4500 | ||
|---|---|---|---|
| 003 | NUST - PNEC | ||
| 005 | 20170116181000.0 | ||
| 008 | 150907b xxu||||| |||| 00| 0 eng d | ||
| 020 | _a0852747586 | ||
| 020 | _a0852747640 | ||
| 040 | _cLIBRARY | ||
| 082 | _a621.381537 WAT | ||
| 100 |
_98733 _aWatson, J. |
||
| 245 |
_aAnalog & switching circuit design: Using integrated & discrete devices _cJ. Watson |
||
| 260 | _cc.1984 | ||
| 650 |
_98738 _aCircuit Design _xEE |
||
| 942 |
_2ddc _cBK |
||
| 999 |
_c66686 _d66686 |
||